[Event "10th Reykjavik op"]
[Site "Reykjavik ISL"]
[Date "1982.02.10"]
[Round "2"]
[White "Hansson, Dan"]
[Black "Wedberg, Tom"]
[Result "0-1"]
[WhiteElo "2260"]
[BlackElo "2435"]
[EventDate "1982.02.09"]
[PlyCount "70"]

1.e4 e5 2.Nf3 Nc6 3.Bb5 Nge7 4.c3 a6 5.Ba4 d6 6.d4 Bd7 7.Bb3 h6 8.Qe2 Ng6 
9.Qc4 Qf6 10.d5 b5 11.Qf1 Na5 12.Bd1 c6 13.a4 Qd8 14.b4 Nc4 15.Bb3 cxd5 
16.exd5 Rc8 17.Nfd2 Nxd2 18.Bxd2 Qh4 19.Qe2 Be7 20.O-O O-O 21.Rc1 e4 22.
axb5 axb5 23.Ra7 Ne5 24.Bc2 f5 25.Na3 Bg5 26.Rxd7 Nxd7 27.Nxb5 Bxd2 28.
Qxd2 Rf6 29.Bd1 f4 30.Nd4 f3 31.Qe1 Ne5 32.Ra1 Ng4 33.h3 e3 34.hxg4 fxg2 
35.Kxg2 Rxf2+ 0-1

[Event "10th Reykjavik op"]
[Site "Reykjavik ISL"]
[Date "1982.02.10"]
[Round "2"]
[White "Gudmundsson, Elvar"]
[Black "Kogan, Boris"]
[Result "1/2-1/2"]
[WhiteElo "2320"]
[BlackElo "2455"]
[EventDate "1982.02.09"]
[PlyCount "117"]

1.d4 Nf6 2.c4 e6 3.Nf3 d5 4.Nc3 Be7 5.Bg5 O-O 6.e3 Nbd7 7.cxd5 exd5 8.Bd3 
c6 9.O-O Ne8 10.Bxe7 Qxe7 11.Qc2 g6 12.Rab1 a5 13.a3 f5 14.b4 Nef6 15.Qb2 
b6 16.Rfd1 Bb7 17.Rbc1 Rfb8 18.Ne2 axb4 19.axb4 Ra4 20.Rb1 Rba8 21.Nc3 Ra3
22.b5 c5 23.dxc5 bxc5 24.Ra1 R3a5 25.Be2 Qd8 26.Ng5 Qb6 27.h4 h6 28.Nh3 
Kh7 29.Rxa5 Qxa5 30.Nf4 Qb4 31.Qxb4 cxb4 32.Ncxd5 g5 33.hxg5 hxg5 34.Nxf6+
Nxf6 35.Ne6 b3 36.Rb1 Ne4 37.Nd4 Nd2 38.Rxb3 Nxb3 39.Nxb3 Kg6 40.Bf3 Bxf3 
41.gxf3 Kf6 42.Kg2 Ke5 43.Nd4 Ra2 44.Nc6+ Kd6 45.Nd4 Ke5 46.Nc6+ Kf6 47.
Kg3 Rb2 48.Nd4 Ke5 49.Nc6+ Kd5 50.Ne7+ Ke5 51.Nc6+ Ke6 52.Nd4+ Kf6 53.b6 
Ke5 54.Nc6+ Kd5 55.Nd4 f4+ 56.Kg4 Rxf2 57.b7 Rb2 58.Nc2 Rxb7 59.exf4 
1/2-1/2

[Event "10th Reykjavik op"]
[Site "Reykjavik ISL"]
[Date "1982.02.10"]
[Round "2"]
[White "Erlingsson, Jonas Petur"]
[Black "Hoei, Carsten"]
[Result "1/2-1/2"]
[WhiteElo "2225"]
[BlackElo "2425"]
[EventDate "1982.02.09"]
[PlyCount "127"]

1.Nf3 Nf6 2.g3 g6 3.Bg2 Bg7 4.O-O O-O 5.d3 d6 6.h3 e5 7.e4 Nc6 8.Nc3 Ne8 
9.Nd5 Ne7 10.Nxe7+ Qxe7 11.d4 Bd7 12.c3 Bc6 13.Re1 h6 14.Qc2 Kh7 15.Be3 
Nf6 16.dxe5 dxe5 17.Nd2 Rfd8 18.Rad1 h5 19.Nf1 a5 20.Bg5 Bh6 21.Bxh6 Kxh6 
22.Ne3 h4 23.Kh2 Kg7 24.Nd5 Bxd5 25.exd5 Rh8 26.g4 Rae8 27.c4 b6 28.Re3 
Qd6 29.Rde1 Nd7 30.Kh1 Re7 31.a3 Rhe8 32.Qc3 a4 33.Be4 Nc5 34.Bc2 f6 35.
Be4 b5 36.Qc2 Nxe4 37.Qxe4 bxc4 38.Qxc4 Rb8 39.R1e2 Rd7 40.Qxa4 Qxd5+ 41.
Qe4 Qxe4+ 42.Rxe4 Rb3 43.Kg2 Rdd3 44.R4e3 Rxe3 45.fxe3 e4 46.Kf2 Kh6 47.
Rc2 Kg5 48.a4 f5 49.gxf5 gxf5 50.a5 Rb5 51.b4 Rxb4 52.Ra2 Rb7 53.a6 Ra7 
54.Ke2 Kf6 55.Kd2 c5 56.Kc3 f4 57.exf4 Kf5 58.Kc4 e3 59.Kxc5 e2 60.Rxe2 
Rxa6 61.Rg2 Ra3 62.Rg5+ Kf6 63.Kd4 Rxh3 64.Ke4 1/2-1/2

[Event "10th Reykjavik op"]
[Site "Reykjavik ISL"]
[Date "1982.02.10"]
[Round "2"]
[White "Zaltsman, Vitaly"]
[Black "Fridjonsson, Joffus"]
[Result "1-0"]
[WhiteElo "2405"]
[BlackElo "2260"]
[EventDate "1982.02.09"]
[PlyCount "57"]

1.d4 f5 2.Nf3 Nf6 3.g3 e6 4.Bg2 Be7 5.O-O O-O 6.c4 d6 7.Nc3 Qe8 8.b4 Bd8 
9.Bb2 e5 10.dxe5 dxe5 11.e4 fxe4 12.Nxe4 Nbd7 13.Re1 Kh8 14.Qe2 a5 15.a3 
axb4 16.axb4 Rxa1 17.Rxa1 Nxe4 18.Qxe4 Qf7 19.Qe2 Bf6 20.Nd2 Nb6 21.c5 Nd5
22.b5 c6 23.Ne4 Qg6 24.bxc6 bxc6 25.Ra8 Kg8 26.h3 h6 27.Kh2 Kh7 28.Nd6 Bg4
29.hxg4 1-0

[Event "10th Reykjavik op"]
[Site "Reykjavik ISL"]
[Date "1982.02.10"]
[Round "2"]
[White "Iskov, Gert"]
[Black "Karlsson, Hilmar"]
[Result "1/2-1/2"]
[WhiteElo "2380"]
[BlackElo "2260"]
[EventDate "1982.02.09"]
[PlyCount "50"]

1.e4 Nf6 2.Nc3 d5 3.e5 d4 4.exf6 dxc3 5.fxg7 cxd2+ 6.Qxd2 Qxd2+ 7.Bxd2 
Bxg7 8.O-O-O Bf5 9.Ne2 Nd7 10.Bc3 Bxc3 11.Nxc3 O-O-O 12.Nd5 Rhe8 13.Ne3 
Bg6 14.f4 e6 15.Bb5 c6 16.Be2 Nf6 17.Rhf1 Nd5 18.Nxd5 Rxd5 19.Bf3 Rxd1+ 
20.Rxd1 e5 21.fxe5 Rxe5 22.Rd4 Re1+ 23.Kd2 Rf1 24.Be4 Kc7 25.Kc3 Rf2 
1/2-1/2

[Event "10th Reykjavik op"]
[Site "Reykjavik ISL"]
[Date "1982.02.10"]
[Round "2"]
[White "Jonsson, Johannes Gisli"]
[Black "Jonasson, Benedikt"]
[Result "1/2-1/2"]
[WhiteElo "2315"]
[BlackElo "2240"]
[EventDate "1982.02.09"]
[PlyCount "61"]

1.e4 c5 2.g3 Nc6 3.Bg2 g6 4.d3 Bg7 5.f4 e6 6.Nf3 Nge7 7.O-O d5 8.Nbd2 O-O 
9.c3 b6 10.e5 Nf5 11.Re1 h5 12.Nf1 Bb7 13.d4 cxd4 14.cxd4 Rc8 15.a3 Qd7 
16.h3 Ba6 17.g4 hxg4 18.hxg4 Bxf1 19.Bxf1 Ng3 20.Bd3 Rfd8 21.Kg2 Ne4 22.
Rh1 Ne7 23.Be3 Rc7 24.Rh3 Rdc8 25.Qb3 Nc6 26.Rc1 Na5 27.Rxc7 Qxc7 28.Qb5 
Nc4 29.Bxc4 Qxc4 30.Qxc4 Rxc4 31.Rh2 1/2-1/2

[Event "10th Reykjavik op"]
[Site "Reykjavik ISL"]
[Date "1982.02.10"]
[Round "2"]
[White "Sigurjonsson, Johann Oern"]
[Black "Savage, Allan George"]
[Result "1/2-1/2"]
[WhiteElo "2240"]
[BlackElo "2310"]
[EventDate "1982.02.09"]
[PlyCount "29"]

1.e4 Nc6 2.Nf3 e6 3.d4 d5 4.e5 f6 5.c3 Bd7 6.Bd3 Qe7 7.Qc2 f5 8.g4 g6 9.
gxf5 gxf5 10.Rg1 Qf7 11.Be2 O-O-O 12.Ng5 Qe7 13.Nf3 Qf7 14.Ng5 Qe7 15.Nf3 
1/2-1/2

[Event "10th Reykjavik op"]
[Site "Reykjavik ISL"]
[Date "1982.02.10"]
[Round "2"]
[White "Jonsson, Johann Thorir"]
[Black "Thorsteins, Karl"]
[Result "1/2-1/2"]
[WhiteElo "2200"]
[BlackElo "2305"]
[EventDate "1982.02.09"]
[PlyCount "69"]

1.e4 c5 2.Nf3 Nc6 3.d4 cxd4 4.Nxd4 g6 5.Nc3 Bg7 6.Be3 Nf6 7.Bc4 O-O 8.f3 
Qb6 9.Qd2 Nxe4 10.Nxe4 Bxd4 11.Bxd4 Qxd4 12.Qxd4 Nxd4 13.O-O-O Nc6 14.h4 
Na5 15.Bb5 d6 16.h5 Bf5 17.Ng3 Be6 18.hxg6 hxg6 19.Rd4 Kg7 20.Ne4 a6 21.
Be2 Rh8 22.Re1 Rac8 23.Ng5 Bxa2 24.Ra4 Rxc2+ 25.Kxc2 Bb3+ 26.Kc3 Bxa4 27.
Kb4 Bc6 28.Kxa5 Rh5 29.f4 Rh2 30.g4 Kf6 31.b4 Rf2 32.Nh3 Rh2 33.Ng5 Rf2 
34.Nh3 Rh2 35.Ng5 1/2-1/2

[Event "10th Reykjavik op"]
[Site "Reykjavik ISL"]
[Date "1982.02.11"]
[Round "3"]
[White "Gurevich, Dmitry"]
[Black "Hjartarson, Johann"]
[Result "1-0"]
[WhiteElo "2470"]
[BlackElo "2425"]
[EventDate "1982.02.09"]
[PlyCount "93"]

1.Nf3 Nf6 2.c4 b6 3.Nc3 Bb7 4.Qc2 c5 5.e4 g6 6.d4 cxd4 7.Nxd4 d6 8.Nd5 Bg7
9.Nb5 Na6 10.Be2 O-O 11.Bg5 Nc5 12.Bxf6 exf6 13.O-O a6 14.Nbc3 Bc8 15.Ne3 
Re8 16.Bf3 Ra7 17.Rad1 Bb7 18.Ncd5 Ne6 19.Qa4 Ng5 20.Nxb6 f5 21.Rxd6 Nxf3+
22.gxf3 Qg5+ 23.Ng2 Rf8 24.Nd5 Qh5 25.Qb3 fxe4 26.fxe4 Ba8 27.Qe3 Rb7 28.
b4 Rbb8 29.a3 Rbe8 30.Rxa6 f5 31.Ndf4 Qg5 32.Ne6 Qf6 33.e5 Qf7 34.Rxa8 
Qxe6 35.Rxe8 Rxe8 36.c5 Bxe5 37.f4 Bb2 38.Re1 Qxe3+ 39.Rxe3 Bd4 40.Kf2 Ra8
41.Ke2 Bxe3 42.Nxe3 Rxa3 43.c6 Rc3 44.Nd5 Rc1 45.Kd2 Rc4 46.Kd3 Rc1 47.c7 
1-0

[Event "10th Reykjavik op"]
[Site "Reykjavik ISL"]
[Date "1982.02.11"]
[Round "3"]
[White "Olafsson, Fridrik"]
[Black "Abramovic, Bosko"]
[Result "1/2-1/2"]
[WhiteElo "2530"]
[BlackElo "2445"]
[EventDate "1982.02.09"]
[PlyCount "47"]

1.c4 e6 2.Nc3 d5 3.d4 Be7 4.Nf3 Nf6 5.Bg5 h6 6.Bh4 O-O 7.e3 b6 8.Rc1 Bb7 
9.Be2 Nbd7 10.cxd5 exd5 11.O-O c5 12.Qc2 Rc8 13.Rfd1 Ne4 14.Bxe7 Qxe7 15.
Qa4 a6 16.dxc5 Nxc3 17.Rxc3 bxc5 18.Qa3 Rfe8 19.Rdc1 Rb8 20.Bf1 Qe6 21.Qa5
d4 22.exd4 Bxf3 23.Rxf3 cxd4 24.Qd2 1/2-1/2

[Event "10th Reykjavik op"]
[Site "Reykjavik ISL"]
[Date "1982.02.11"]
[Round "3"]
[White "Byrne, Robert"]
[Black "Wedberg, Tom"]
[Result "1/2-1/2"]
[WhiteElo "2515"]
[BlackElo "2435"]
[EventDate "1982.02.09"]
[PlyCount "62"]

1.e4 c5 2.Nf3 Nc6 3.d4 cxd4 4.Nxd4 g6 5.c4 Bg7 6.Be3 Nf6 7.Nc3 Ng4 8.Qxg4 
Bxd4 9.Bxd4 Nxd4 10.O-O-O e5 11.h4 d6 12.Qg5 Be6 13.Qxd8+ Rxd8 14.b3 a6 
15.Bd3 Ke7 16.Ne2 Nc6 17.Kb2 Rb8 18.a3 Rhc8 19.Rc1 Na5 20.Nc3 Nc6 21.Ne2 
b6 22.f3 h5 23.Rc2 Rc7 24.Rd2 Rbc8 25.Rc1 Na5 26.Rdc2 Kf8 27.Nc3 Rb8 28.
Nd5 Rcc8 29.Rc3 Nc6 30.Nb4 a5 31.Nxc6 Rxc6 1/2-1/2

[Event "10th Reykjavik op"]
[Site "Reykjavik ISL"]
[Date "1982.02.11"]
[Round "3"]
[White "Forintos, Gyozo"]
[Black "Sahovic, Dragutin"]
[Result "1-0"]
[WhiteElo "2410"]
[BlackElo "2450"]
[EventDate "1982.02.09"]
[PlyCount "59"]

1.d4 d5 2.c4 Bf5 3.Qb3 dxc4 4.Qxb7 Nd7 5.Nc3 Rb8 6.Qc6 Rb6 7.Qxc4 Ngf6 8.
Nf3 e6 9.e3 Qb8 10.Be2 Rb4 11.Qc6 Rb6 12.Qc4 Rb4 13.Qa6 Rb6 14.Qa4 Rb4 15.
Qa5 c6 16.a3 Rb7 17.Ba6 Rc7 18.O-O Bd6 19.Nd2 Bg6 20.Nc4 Be7 21.e4 O-O 22.
Bf4 Bd8 23.Rfe1 Nh5 24.Bd6 Re8 25.Rad1 Nb6 26.Ne5 Qa8 27.Bxc7 Bxc7 28.Qc5 
Nf4 29.Nxc6 Nd7 30.Ne7+ {Time} 1-0

[Event "10th Reykjavik op"]
[Site "Reykjavik ISL"]
[Date "1982.02.11"]
[Round "3"]
[White "Kindermann, Stefan"]
[Black "Arnason, Jon"]
[Result "1-0"]
[WhiteElo "2410"]
[BlackElo "2445"]
[EventDate "1982.02.09"]
[PlyCount "83"]

1.d4 Nf6 2.c4 c5 3.d5 e6 4.Nc3 exd5 5.cxd5 g6 6.e4 Bg7 7.Bd3 d6 8.Nge2 O-O
9.O-O Na6 10.Ng3 Nc7 11.h3 a6 12.a4 Bd7 13.Bf4 Nfe8 14.a5 Rb8 15.Qd2 b5 
16.axb6 Rxb6 17.Ra2 Bb5 18.Nxb5 Nxb5 19.Ne2 Nf6 20.b4 Nd4 21.Nxd4 cxd4 22.
Rfa1 Qc8 23.f3 Nh5 24.Bxa6 Qb8 25.Bh2 Rxb4 26.Bd3 Be5 27.f4 Bg7 28.e5 g5 
29.Ra8 Rb2 30.Bxh7+ Kh8 31.Qd1 Qxa8 32.Qxh5 Rfb8 33.Rxa8 Rxa8 34.Bg3 gxf4 
35.Bxf4 dxe5 36.Bg6+ Kg8 37.Bxf7+ Kf8 38.Be6 Ra7 39.Bxe5 Bxe5 40.Qxe5 Rbb7
41.Qf6+ Ke8 42.d6 1-0

[Event "10th Reykjavik op"]
[Site "Reykjavik ISL"]
[Date "1982.02.11"]
[Round "3"]
[White "Kuligowski, Adam"]
[Black "Angantysson, Haukur"]
[Result "1/2-1/2"]
[WhiteElo "2465"]
[BlackElo "2400"]
[EventDate "1982.02.09"]
[PlyCount "85"]

1.d4 Nf6 2.c4 c5 3.d5 b5 4.Nf3 Bb7 5.a4 bxc4 6.Nc3 e6 7.e4 exd5 8.exd5 d6 
9.Bxc4 Be7 10.Qd3 O-O 11.a5 Ne8 12.O-O Nc7 13.Bd2 Ba6 14.b4 cxb4 15.Na2 
Bf6 16.Rac1 Bxc4 17.Qxc4 Nba6 18.Nxb4 Nxb4 19.Bxb4 Rb8 20.Qxc7 Rxb4 21.
Qxa7 Ra4 22.Rc7 Qa8 23.Rxf7 Rxa5 24.Rxf8+ Kxf8 25.Qxa8+ Rxa8 26.Rd1 g5 27.
h3 h5 28.g3 Kf7 29.Kg2 Kg6 30.Nd2 Ra4 31.Nf1 Bd4 32.Re1 Ra2 33.Re6+ Kf7 
34.Ne3 Bxe3 35.Rxe3 Rd2 36.Re6 Rxd5 37.Rh6 g4 38.hxg4 hxg4 39.Kf1 Rd4 40.
Ke2 Ke7 41.Rh4 Re4+ 42.Kd3 d5 43.Rh6 1/2-1/2

[Event "10th Reykjavik op"]
[Site "Reykjavik ISL"]
[Date "1982.02.11"]
[Round "3"]
[White "Frey Beckman, Kenneth"]
[Black "Ivanovic, Bozidar"]
[Result "0-1"]
[WhiteElo "2480"]
[BlackElo "2485"]
[EventDate "1982.02.09"]
[PlyCount "86"]

1.Nf3 c5 2.c4 Nf6 3.Nc3 Nc6 4.e3 e6 5.d4 cxd4 6.exd4 Bb4 7.Bd3 O-O 8.O-O 
Ne7 9.Qc2 Ng6 10.a3 Bxc3 11.Qxc3 b6 12.Ne5 Bb7 13.Bg5 Qc7 14.Rfe1 Nh5 15.
f3 Ngf4 16.Be4 Nxg2 17.Kxg2 f6 18.Nxd7 Qxd7 19.Be3 Bxe4 20.fxe4 f5 21.exf5
Rxf5 22.Rf1 Raf8 23.Rxf5 Rxf5 24.Rf1 Qc6+ 25.Kg1 Rxf1+ 26.Kxf1 Qh1+ 27.Ke2
Qxh2+ 28.Kd1 Nf6 29.Kc1 h5 30.Qe1 Qg2 31.Bf4 Ne4 32.Be5 Qg5+ 33.Kc2 Qf5 
34.Kb3 Qf3+ 35.Ka2 Qd3 36.Ka1 g5 37.c5 bxc5 38.dxc5 Nxc5 39.Bc3 h4 40.Bb4 
Nb3+ 41.Ka2 Qd5 42.Qf2 Nd2+ 43.Ka1 Qh1+ 0-1

[Event "10th Reykjavik op"]
[Site "Reykjavik ISL"]
[Date "1982.02.11"]
[Round "3"]
[White "Kraehenbuehl, Gerhard"]
[Black "Mednis, Edmar"]
[Result "1/2-1/2"]
[WhiteElo "2305"]
[BlackElo "2470"]
[EventDate "1982.02.09"]
[PlyCount "57"]

1.c4 Nf6 2.Nc3 e6 3.e4 d5 4.e5 d4 5.exf6 dxc3 6.bxc3 Qxf6 7.d4 e5 8.Nf3 
exd4 9.Bg5 Qd6 10.cxd4 Be7 11.Be3 Bf6 12.Bd3 c5 13.dxc5 Qc7 14.Rb1 Na6 15.
Be4 Nxc5 16.Bd5 Bc3+ 17.Kf1 O-O 18.Nd4 a6 19.Qc2 Ba5 20.h4 Nd7 21.Nf3 Nf6 
22.Ng5 g6 23.Qb2 Nxd5 24.cxd5 Qc4+ 25.Kg1 f6 26.Rc1 Qxd5 27.Bc5 fxg5 28.
Bxf8 Kxf8 29.Qh8+ 1/2-1/2

[Event "10th Reykjavik op"]
[Site "Reykjavik ISL"]
[Date "1982.02.11"]
[Round "3"]
[White "Bajovic, Milan"]
[Black "Burger, Karl"]
[Result "0-1"]
[WhiteElo "2345"]
[BlackElo "2420"]
[EventDate "1982.02.09"]
[PlyCount "136"]

1.d4 Nf6 2.Nf3 e6 3.Bg5 h6 4.Bh4 b6 5.e3 Bb7 6.Nbd2 Be7 7.h3 c5 8.c3 Nc6 
9.Be2 cxd4 10.cxd4 O-O 11.O-O Rc8 12.Qa4 a6 13.Rfc1 b5 14.Qd1 d6 15.a3 Nd5
16.Bxe7 Qxe7 17.Ne1 Nb6 18.Nd3 Na5 19.Bf3 Nbc4 20.Bxb7 Qxb7 21.Nb3 Nc6 22.
Nd2 N6a5 23.Nb3 Nxb3 24.Qxb3 e5 25.dxe5 dxe5 26.Rc3 Rc6 27.a4 Rfc8 28.axb5
axb5 29.Rac1 Rg6 30.Ne1 Qa6 31.Qb4 Rd8 32.b3 Nb2 33.Qe7 Qd6 34.Qxd8+ Qxd8 
35.Rc8 Rd6 36.Rxd8+ Rxd8 37.Nf3 f6 38.Rc5 b4 39.Rb5 Rd1+ 40.Kh2 Nd3 41.Kg3
Rb1 42.Nh4 Kf7 43.Rb7+ Ke6 44.Rxg7 Rxb3 45.f3 Nc5 46.Rc7 Rc3 47.Kg4 b3 48.
Rc6+ Kd7 49.Rb6 Na4 50.Rb4 b2 51.Kf5 Rc4 52.Rxc4 b1=Q+ 53.Kxf6 Qb6+ 54.Kg7
Nc5 55.Rg4 h5 56.Rg6 Ne6+ 57.Kf7 Qb3 58.Nf5 Qd3 59.Kf6 Qe2 60.Kf7 Nd8+ 61.
Kg8 Qc4+ 62.Kh7 Ne6 63.Rf6 Qe2 64.g4 hxg4 65.hxg4 Ng5+ 66.Kh6 Nxf3 67.Rf7+
Ke6 68.Kg6 Nh4+ 0-1

[Event "10th Reykjavik op"]
[Site "Reykjavik ISL"]
[Date "1982.02.11"]
[Round "3"]
[White "Westerinen, Heikki"]
[Black "Gudmundsson, Elvar"]
[Result "1/2-1/2"]
[WhiteElo "2440"]
[BlackElo "2320"]
[EventDate "1982.02.09"]
[PlyCount "92"]

1.e4 c6 2.Nc3 d5 3.Nf3 Bg4 4.d4 Nf6 5.h3 Bxf3 6.Qxf3 dxe4 7.Qe3 Nbd7 8.
Nxe4 Nxe4 9.Qxe4 Nf6 10.Qd3 e6 11.Be2 Be7 12.O-O O-O 13.c4 Qc7 14.b3 e5 
15.Qg3 Nd7 16.Bb2 f6 17.Bd3 Rae8 18.Bf5 Bd8 19.Rae1 c5 20.Qg4 Re7 21.Be6+ 
Kh8 22.Bxd7 Qxd7 23.Qxd7 Rxd7 24.dxe5 Rd2 25.Bc3 Rxa2 26.exf6 gxf6 27.Rd1 
Kg8 28.Rd7 Rc2 29.Ba1 Ba5 30.Rxb7 Rf7 31.Rb8+ Kg7 32.g4 h6 33.Kg2 Rd7 34.
Rc8 Rc7 35.Rd8 Rb7 36.Rd5 Rxb3 37.Rxc5 Bc3 38.Rc7+ Kg6 39.Bxc3 Rbxc3 40.
Rxa7 Rxc4 41.Kg3 h5 42.Ra5 hxg4 43.hxg4 Rc5 44.Rxc5 Rxc5 45.Kh4 Rc8 46.Ra1
Rc7 1/2-1/2

[Event "10th Reykjavik op"]
[Site "Reykjavik ISL"]
[Date "1982.02.11"]
[Round "3"]
[White "Hoei, Carsten"]
[Black "Josteinsson, Leifur"]
[Result "1/2-1/2"]
[WhiteElo "2425"]
[BlackElo "2300"]
[EventDate "1982.02.09"]
[PlyCount "37"]

1.d4 d5 2.c4 e6 3.Nc3 f5 4.Nf3 Nf6 5.Bg5 Be7 6.e3 c6 7.Bxf6 Bxf6 8.Be2 Nd7
9.O-O O-O 10.Qc2 Nb6 11.b3 Qe7 12.Rfd1 Bd7 13.Rab1 Be8 14.Na4 Nd7 15.cxd5 
exd5 16.b4 b5 17.Nc5 Nxc5 18.dxc5 Bh5 19.Nd4 1/2-1/2

[Event "10th Reykjavik op"]
[Site "Reykjavik ISL"]
[Date "1982.02.11"]
[Round "3"]
[White "Arnason, Asgeir Thor"]
[Black "Zaltsman, Vitaly"]
[Result "1/2-1/2"]
[WhiteElo "2240"]
[BlackElo "2405"]
[EventDate "1982.02.09"]
[PlyCount "84"]

1.g3 d5 2.Bg2 Nf6 3.Nf3 Bf5 4.d3 h6 5.O-O e6 6.Nc3 Be7 7.Qe1 O-O 8.e4 Bh7 
9.e5 Nfd7 10.Nd2 c5 11.f4 Nc6 12.Nf3 Rb8 13.g4 b5 14.Qg3 b4 15.Ne2 Qc7 16.
g5 hxg5 17.Nxg5 Bxg5 18.Qxg5 f6 19.exf6 Rxf6 20.f5 Bxf5 21.Bf4 Nce5 22.Ng3
Qc6 23.Bxe5 Nxe5 24.Nxf5 exf5 25.Rxf5 Rg6 26.Qd2 Qe6 27.Qf4 Re8 28.Kh1 Rf6
29.Rxf6 gxf6 30.d4 cxd4 31.Qxd4 Rd8 32.Rd1 Qg4 33.Qxg4+ Nxg4 34.Rxd5 Rxd5 
35.Bxd5+ Kg7 36.Be6 Nf2+ 37.Kg1 Nd1 38.a3 a5 39.axb4 axb4 40.b3 Ne3 41.Kf2
Nxc2 42.Bc4 Na1 1/2-1/2

[Event "10th Reykjavik op"]
[Site "Reykjavik ISL"]
[Date "1982.02.11"]
[Round "3"]
[White "Bischoff, Klaus"]
[Black "Thorsteins, Karl"]
[Result "1/2-1/2"]
[WhiteElo "2385"]
[BlackElo "2305"]
[EventDate "1982.02.09"]
[PlyCount "61"]

1.Nf3 g6 2.d4 Bg7 3.g3 Nf6 4.Bg2 O-O 5.O-O d6 6.b3 Nc6 7.Bb2 e5 8.dxe5 Ng4
9.c4 Re8 10.Nc3 Ngxe5 11.Nxe5 dxe5 12.Qxd8 Nxd8 13.Nd5 Ne6 14.Ba3 c6 15.
Ne7+ Kh8 16.Nxc8 Raxc8 17.Rad1 Rcd8 18.e3 Kg8 19.Bh3 f5 20.g4 f4 21.g5 Kf7
22.Bxe6+ Kxe6 23.exf4 exf4 24.Kg2 Kf5 25.Rfe1 Rxe1 26.Rxd8 Re2 27.Rd7 Be5 
28.Kf3 Rxa2 29.Rf7+ Ke6 30.Re7+ Kf5 31.Rf7+ 1/2-1/2

[Event "10th Reykjavik op"]
[Site "Reykjavik ISL"]
[Date "1982.02.11"]
[Round "3"]
[White "Horvath, Tamas"]
[Black "Briem, Stefan"]
[Result "1-0"]
[WhiteElo "2400"]
[BlackElo "2290"]
[EventDate "1982.02.09"]
[PlyCount "86"]

1.e4 e5 2.Nf3 Nc6 3.Bb5 f5 4.Nc3 Nd4 5.exf5 c6 6.Ba4 Nf6 7.Nxe5 Bc5 8.O-O 
O-O 9.Nf3 Nxf5 10.d4 Bb4 11.Ne2 d5 12.c3 Bd6 13.Bf4 Ne4 14.Bxd6 Nfxd6 15.
Ne5 Qh4 16.f3 Ng5 17.Bc2 Rf6 18.Qe1 Qh6 19.Rd1 Be6 20.h4 Ngf7 21.g4 g5 22.
h5 Rf8 23.Ng3 Bc8 24.Rd2 Nd8 25.Rdf2 Ne6 26.Rh2 Nf4 27.Ne2 Qg7 28.Nxf4 
Rxf4 29.Rff2 Qf6 30.Bd1 Qd8 31.Re2 R4f6 32.Qd2 h6 33.b3 Qc7 34.Rhf2 Kg7 
35.Kg2 Nf7 36.Ng6 Rd8 37.Re7 Qd6 38.Rfe2 a5 39.Bc2 b6 40.Qd3 Be6 41.Ra7 
Bd7 42.Ne5 Kf8 43.Qh7 Be6 1-0

[Event "10th Reykjavik op"]
[Site "Reykjavik ISL"]
[Date "1982.02.11"]
[Round "3"]
[White "Kaiszauri, Konstanty"]
[Black "Hansson, Dan"]
[Result "1-0"]
[WhiteElo "2395"]
[BlackElo "2260"]
[EventDate "1982.02.09"]
[PlyCount "94"]

1.c4 e5 2.Nc3 d6 3.g3 Nf6 4.Bg2 g6 5.Nf3 Bg7 6.O-O O-O 7.Rb1 a5 8.a3 Nc6 
9.b4 axb4 10.axb4 Re8 11.d3 Nd4 12.b5 Bg4 13.Bg5 c6 14.e3 Ne6 15.Bxf6 Bxf6
16.h3 Bxf3 17.Bxf3 Ra3 18.Rb3 Rxb3 19.Qxb3 Nc5 20.Qa3 Qd7 21.Kg2 h5 22.Rd1
Kg7 23.Qa7 cxb5 24.Nxb5 Rc8 25.Nc3 Qd8 26.Qa3 Ra8 27.Qb4 Ra6 28.Nd5 Ra4 
29.Qb2 e4 30.Qb1 exf3+ 31.Kxf3 Kg8 32.d4 Ne6 33.Qxb7 Rxc4 34.Ra1 Rc7 35.
Nxc7 Qxc7 36.Qxc7 Nxc7 37.Ra7 Ne6 38.Rd7 Ng5+ 39.Kg2 Kf8 40.Rxd6 Ke7 41.
Ra6 Ne4 42.Ra7+ Ke6 43.Ra6+ Ke7 44.h4 Nd6 45.Kf3 Ke6 46.Ke2 Ke7 47.Kd3 g5 
1-0

[Event "10th Reykjavik op"]
[Site "Reykjavik ISL"]
[Date "1982.02.11"]
[Round "3"]
[White "Goodman, David Simon Charles"]
[Black "Sigurjonsson, Johann Oern"]
[Result "1-0"]
[WhiteElo "2345"]
[BlackElo "2240"]
[EventDate "1982.02.09"]
[PlyCount "91"]

1.d4 Nf6 2.c4 d6 3.Nc3 Nbd7 4.e4 e5 5.Nf3 exd4 6.Nxd4 Nc5 7.f3 a5 8.Be3 
Be7 9.Qd2 c6 10.Be2 a4 11.O-O O-O 12.Rab1 Qc7 13.b4 axb3 14.axb3 Bd7 15.
Qc2 Rfe8 16.b4 Na6 17.Qd2 Rad8 18.Rfd1 c5 19.Ndb5 Bxb5 20.Nxb5 Qc8 21.bxc5
dxc5 22.Qb2 Nb4 23.e5 Nd7 24.f4 Nb8 25.Bf3 N8c6 26.Nc3 Nd4 27.Bxd4 cxd4 
28.Nd5 Nxd5 29.cxd5 Bc5 30.Qxb7 Qxb7 31.Rxb7 d3+ 32.Kf1 g5 33.Bh5 Rf8 34.
Rxd3 gxf4 35.g3 Be3 36.Rb4 Rb8 37.Re4 Rb1+ 38.Kg2 Rb2+ 39.Kh3 f5 40.Rdxe3 
fxe3 41.Rxe3 f4 42.gxf4 Rxf4 43.e6 Rff2 44.e7 Rxh2+ 45.Kg4 Rhg2+ 46.Kf5 
1-0

[Event "10th Reykjavik op"]
[Site "Reykjavik ISL"]
[Date "1982.02.11"]
[Round "3"]
[White "Savage, Allan George"]
[Black "Jonsson, Johann Thorir"]
[Result "1-0"]
[WhiteElo "2310"]
[BlackElo "2200"]
[EventDate "1982.02.09"]
[PlyCount "61"]

1.e4 e5 2.Nf3 Nc6 3.Bb5 a6 4.Bxc6 dxc6 5.O-O Bg4 6.h3 Bxf3 7.Qxf3 Nf6 8.d3
Be7 9.Nd2 b5 10.Qg3 Qd6 11.Nf3 Nd7 12.Qxg7 Bf6 13.Qh6 O-O-O 14.Be3 Rdg8 
15.a4 Rg6 16.Qh5 Rhg8 17.g3 Kb7 18.Kh2 Nf8 19.axb5 cxb5 20.c4 c6 21.cxb5 
cxb5 22.d4 exd4 23.Bf4 Qd7 24.Rxa6 Kxa6 25.Qc5 Bd8 26.Ra1+ Ba5 27.Bc7 Kb7 
28.Rxa5 Qe6 29.Ra7+ Kc8 30.Ra8+ Kb7 31.Rb8+ 1-0

[Event "10th Reykjavik op"]
[Site "Reykjavik ISL"]
[Date "1982.02.11"]
[Round "3"]
[White "Bjarnason, Saevar"]
[Black "Gruenberg, Rainer"]
[Result "1-0"]
[WhiteElo "2290"]
[BlackElo "2310"]
[EventDate "1982.02.09"]
[PlyCount "71"]

1.Nf3 c5 2.c4 Nf6 3.d4 cxd4 4.Nxd4 Nc6 5.Nc3 d6 6.g3 Nxd4 7.Qxd4 g6 8.Bg2 
Bg7 9.O-O O-O 10.Qd3 Nd7 11.Qc2 Nc5 12.Be3 Bf5 13.Qd2 a5 14.Rfd1 Be6 15.
Nd5 Bxd5 16.Bxd5 Qb6 17.Rab1 Rfc8 18.h4 Qb4 19.Qc2 Rab8 20.h5 b5 21.Bd2 
Qa4 22.b3 Qa3 23.hxg6 hxg6 24.cxb5 e6 25.Bc6 Nb7 26.b4 d5 27.bxa5 Nxa5 28.
Bb4 Rxc6 29.bxc6 Rxb4 30.c7 Rc4 31.c8=Q+ Kh7 32.Kg2 Rxc2 33.Rh1+ Bh6 34.
Rxh6+ Kxh6 35.Qh8+ Kg5 36.Qh4+ 1-0

[Event "10th Reykjavik op"]
[Site "Reykjavik ISL"]
[Date "1982.02.13"]
[Round "4"]
[White "Ivanovic, Bozidar"]
[Black "Gurevich, Dmitry"]
[Result "0-1"]
[WhiteElo "2485"]
[BlackElo "2470"]
[EventDate "1982.02.09"]
[PlyCount "96"]

1.e4 d6 2.d4 Nf6 3.Nc3 g6 4.Nf3 Bg7 5.h3 O-O 6.Be3 c6 7.a4 a5 8.Be2 Na6 9.
O-O d5 10.exd5 Nxd5 11.Nxd5 Qxd5 12.Bg5 Qd6 13.Re1 Be6 14.Qc1 c5 15.c3 
cxd4 16.Nxd4 Bxd4 17.cxd4 Nb4 18.Qd2 Rac8 19.Rac1 Rfd8 20.Rxc8 Rxc8 21.Bf4
Qd5 22.Bf3 Qd7 23.Bh6 b6 24.Re5 Rd8 25.Rb5 Bd5 26.Bg4 Qc7 27.Qc3 Qd6 28.g3
f5 29.Be2 Qe6 30.Qe3 Qxe3 31.Bxe3 Rb8 32.g4 e6 33.Bd2 Nc6 34.gxf5 Nxd4 35.
fxe6 Nxe2+ 36.Kh2 Bxe6 37.Re5 Bc4 38.Bh6 Nd4 39.Re4 Nf5 40.Bd2 Rc8 41.b4 
axb4 42.Bxb4 Kf7 43.a5 bxa5 44.Bxa5 Be6 45.Rb4 h5 46.Rb7+ Kf6 47.Bb4 Rc2 
48.Kg1 Rc1+ 0-1

[Event "10th Reykjavik op"]
[Site "Reykjavik ISL"]
[Date "1982.02.13"]
[Round "4"]
[White "Forintos, Gyozo"]
[Black "Schneider, Lars-Ake"]
[Result "0-1"]
[WhiteElo "2410"]
[BlackElo "2435"]
[EventDate "1982.02.09"]
[PlyCount "60"]

1.d4 Nf6 2.c4 e6 3.Nc3 Bb4 4.Qc2 O-O 5.a3 Bxc3+ 6.Qxc3 b6 7.Nf3 Bb7 8.e3 
d6 9.b4 Nbd7 10.Bb2 Qe7 11.Be2 Ne4 12.Qc2 c5 13.dxc5 bxc5 14.b5 f5 15.O-O 
e5 16.Ne1 Qg5 17.Qd3 Rf6 18.f3 Rg6 19.Rd1 Re8 20.Qb3 Ng3 21.hxg3 Qxg3 22.
Rd2 Rh6 23.Bd1 Rh2 24.Rff2 e4 25.fxe4 Qh4 26.Kf1 Rh1+ 27.Ke2 Qg4+ 28.Kd3 
Rxe1 29.Bxg4 Bxe4+ 30.Kc3 Rxe3+ 0-1

[Event "10th Reykjavik op"]
[Site "Reykjavik ISL"]
[Date "1982.02.13"]
[Round "4"]
[White "Burger, Karl"]
[Black "Shamkovich, Leonid"]
[Result "1-0"]
[WhiteElo "2420"]
[BlackElo "2470"]
[EventDate "1982.02.09"]
[PlyCount "139"]

1.d4 Nf6 2.c4 e6 3.Nf3 c5 4.Nc3 cxd4 5.Nxd4 Bb4 6.g3 O-O 7.Bg2 a6 8.O-O 
Nc6 9.Bf4 Re8 10.Nxc6 bxc6 11.Bd6 Bxd6 12.Qxd6 Qe7 13.Rfd1 Qxd6 14.Rxd6 
Rb8 15.b3 Kf8 16.e4 Ke7 17.c5 g5 18.f3 Rb4 19.Rb1 a5 20.a3 Rb8 21.Bf1 Rg8 
22.Rd4 Ra8 23.Na4 Ba6 24.Nb6 Ra7 25.Rbd1 Bxf1 26.Kxf1 e5 27.Ra4 g4 28.f4 
exf4 29.gxf4 Rb7 30.Rd3 Nh5 31.e5 Ng7 32.Rxa5 Ne6 33.f5 Nxc5 34.Nd5+ cxd5 
35.Rxc5 Rg5 36.f6+ Ke6 37.Rdxd5 Rb6 38.b4 g3 39.hxg3 Rxg3 40.a4 Kf5 41.b5 
Rb8 42.Rd2 Rbg8 43.b6 Ke4 44.Ke2 Rg1 45.Rc4+ Kxe5 46.Rb4 d5 47.b7 R1g2+ 
48.Kd1 Rg1+ 49.Kc2 Rb8 50.Kb2 h5 51.Rb5 Kd6 52.Rdxd5+ Kc6 53.Rdc5+ Kd7 54.
Rxh5 Rf1 55.Rhd5+ Kc6 56.Rdc5+ Kd7 57.Rb6 Rf4 58.Kb3 Rf1 59.Kb4 Rb1+ 60.
Ka5 Rxb7 61.Rcb5 Ra7+ 62.Ra6 Rxa6+ 63.Kxa6 Rf1 64.Kb7 Rc1 65.a5 Rc7+ 66.
Kb8 Rc8+ 67.Ka7 Kc6 68.Rb7 Rd8 69.Rxf7 Rd5 70.a6 1-0